[Event "FRA-chT2 Top 12 (Women)"]
[Site "France"]
[Date "2009.05.24"]
[Round "2.3"]
[White "Desnos, Odile"]
[Black "Cuffaro, Laetitia"]
[Result "1/2-1/2"]
[WhiteElo "1410"]
[BlackElo "1590"]
[PlyCount "72"]
[EventDate "2009.05.23"]
[EventType "team-swiss"]
[EventRounds "3"]
[EventCountry "FRA"]
[SourceTitle "EXT 2010"]
[Source "ChessBase"]
[SourceDate "2010.11.25"]
[SourceVersion "1"]
[SourceVersionDate "2010.11.25"]
[SourceQuality "1"]

1. e4 d6 2. d4 Nf6 3. Nc3 g6 4. Be3 Bg7 5. Qd2 0-0 6. h3 Nbd7 7. g4 c6 8. Bh6 b5 9. Bxg7 Kxg7 10. f3 Bb7 11. h4 Rh8 12. h5 b4 13. Nce2 c5 14. c3 a5 15. h6+ Kf8 16. Ng3 Qc7 17. g5 Ne8 18. N1e2 e5 19. d5 Nb6 20. b3 Bc8 21. f4 exf4 22. Nxf4 Qe7 23. Nh3 Qe5 24. Rc1 Qxg3+ 25. Nf2 Nc7 26. c4 Ke8 27. Qb2 Rg8 28. Rc2 Kf8 29. Qf6 Bd7 30. Re2 Re8 31. e5 Qc3+ 32. Kd1 Qa1+ 33. Kd2 Qxa2+ 34. Ke1 Qa1+ 35. Kd2 Qb2+ 36. Ke1 Qa1+ 1/2-1/2